01311nam a22003254a 4500001001200000003000800012006001900020007001500039008004100054010001700095016002000112020002500132020002200157040002100179035002100200050002400221082001700245245013600262260006100398300002900459504005100488533015200539650002500691655002900716700005200745700002900797700001600826710001700842856012600859ebr10313656CaPaEBRm u cr cn|||||||||090121s2009 enka sb 001 0 eng  z 20090018137 z1014940362DNLM z9781405196017 (pbk.) z1405196017 (pbk.) aCaPaEBRcCaPaEBR a(OCoLC)42898690014aRC382b.P224 2009eb04a616.8/3322200aParkinsonian disorders in clinical practiceh[electronic resource] /cedited by Anthony H.V. Schapira, Andreas Hartmann, Yves Agid. aChichester, UK ;aHoboken, NJ :bWiley-Blackwell,c2009. axii, 196 p. :bcol. ill. aIncludes bibliographical references and index. aElectronic reproduction.bPalo Alto, Calif. :cebrary,d2013.nAvailable via World Wide Web.nAccess may be limited to ebrary affiliated libraries. 0aParkinson's disease. 7aElectronic books.2local1 aSchapira, Anthony H. V.q(Anthony Henry Vernon)1 aHartmann, Andreas,cM.D.1 aAgid, Yves.2 aebrary, Inc.40uhttp://site.ebrary.com/lib/rucke/Doc?id=10313656zAn electronic book accessible through the World Wide Web; click to view